000 01444nam a2200325 4500
999 _c370850
_d370850
001 1765222796
003 DE-627
005 20210928092558.0
007 tu
008 210802s2021 gw ||||| 00| ||ger c
035 _a(DE-627)1765222796
035 _a(DE-599)KXP1765222796
035 _a(OCoLC)1262568853
040 _aDE-627
_bger
_cDE-627
_erda
_dDE-2950
041 _ager
044 _cXA-DE
100 1 _aRothen, Stefan
_eVerfasserIn
_4aut
245 1 4 _aDie von Köppen (Coppenius, auch Copus):
_beine Spurensuche in Frankfurt/Oder, Treuenbrietzen, Tangermünde, Lüneburg, Küstrin, Berlin, Rangsdorf, Paderborn, Tempelhof, Gardelegen, Magdeburg, Klein Kienitz /
_cStefan Rothen und Bianka Gärtner ; Herausgeber: Geschichtswerkstatt des Kulturvereins Rangsdorf e.V.
246 1 _iUmschlagtitel
_aDie von Köppen zwischen Treuenbrietzen, Rangsdorf und Lüneburg
264 1 _aRangsdorf:
_bGeschichtswerkstatt des Kulturvereins Rangsdorf e.V.,
_c2021
300 _a111 Seiten:
_bIllustrationen, genealogische Tafeln, Karten, Pläne, Wappen
336 _aText
_btxt
_2rdacontent
337 _aohne Hilfsmittel zu benutzen
_bn
_2rdamedia
338 _aBand
_bnc
_2rdacarrier
653 _a Köppen (Familie : 19.-20. Jh.)
951 _aBO
700 1 _aGärtner, Bianka
_eVerfasserIn
_4aut
710 2 _aKulturverein Rangsdorf
_eHerausgebendes Organ
_0(DE-588)1029882576
_0(DE-627)734404972
_0(DE-576)377722049
_4isb
942 _2z
_cB